Score 0/18 Timer 01:30
0 Plays Today
% Correct
Ben Roethlisberger
90.5%
Tom Brady
88.3%
Joe Namath
80.2%
O. J. Simpson
77%
Marshawn Lynch
74.6%
William Perry
74.2%
Joe Montana
74%
Deion Sanders
72.3%
Jerome Bettis
72.1%
% Correct
Charles Greene
70.9%
Adam Jones
66.9%
Walter Payton
65.6%
Terry Bradshaw
61.1%
David Jones
59.9%
Adrian Peterson
55.9%
Peyton Manning
53.3%
John Riggins
46.5%
Jerry Rice
42.6%

Today's Daily Dose

You're not logged in!

Compare scores with friends on all Sporcle quizzes.
OR
Log In

Sporcle TV

Today on Sporcle TV


Watch our educational content, quiz creation guides, and fun videos on Sporcle TV.

Show Comments

Extras

Top Quizzes Today


Score Distribution

Your Account Isn't Verified!

In order to create a playlist on Sporcle, you need to verify the email address you used during registration. Go to your Sporcle Settings to finish the process.

Report this User

Report this user for behavior that violates our Community Guidelines.

Details: